00816cam a2200217 a 450000100100000000500170001000800410002704000300006808200240009810000410012224500580016325000120022126000570023330000210029049000620031150400210037360000450039465100610043960000360050083000620053600000827620200929161324.0840926s1959 sp 000 0bspa  aDO-SdBNPbspacDLCdBNPHU a985.02bP695q, 19591 aQuintana, Manuel José,d1772-1857.10aVida de Francisco Pizarro. /cManuel José Quintana. a3a. ed. aMadrid, (España) :bEditorial Espasa-Calpe,c1959. a156 p. ;c18 cm.1 aAustral: Anaranjada: biografías y vidas novelescasv388 aIncluye índice14aPIZARRO, FRANCISCOcMARQUESd1470?-1541. 4aPerúxHistoriaxDescubrimiento Y Conquista, 1522-1548.14aPIZARRO, FRANCISCOxBIOGRAFÍA 0aAustral. Anaranjada: biografías y vidas novelescasv388